Văn miền Trung thế kỷ XX T.1 /
Sách giới thiệu những tác giả và tác phẩm viết về miền Trung của Việt Nam trong suốt thế kỷ XX.
Na minha lista:
| Outros Autores: | , , , |
|---|---|
| Formato: | Livro |
| Idioma: | Vietnamese |
| Publicado em: |
Đà Nẵng :
Nxb Đà Nẵng,
1998.
|
| Assuntos: | |
| Tags: |
Adicionar Tag
Sem tags, seja o primeiro a adicionar uma tag!
|
| Thư viện lưu trữ: | Mạng thư viện Đại học Đà Nẵng |
|---|
| LEADER | 01221cam a2200397 i 4500 | ||
|---|---|---|---|
| 001 | 000046584 | ||
| 003 | 6082 | ||
| 005 | 20040519225323.0 | ||
| 008 | 010307b1998 vm 000 vie | ||
| 020 | |c 110000 | ||
| 022 | |a T | ||
| 040 | |a IRC |c IRC |d IRC | ||
| 041 | 0 | |a vie | |
| 082 | 1 | 4 | |a 895.9233 |b Vă-M |
| 245 | 0 | 0 | |a Văn miền Trung thế kỷ XX |n T.1 / |c Nguyễn Văn Bổng,Tô Nhuận Vỹ, Thanh Quế.. tuyển chọn. |
| 260 | |a Đà Nẵng : |b Nxb Đà Nẵng, |c 1998. | ||
| 300 | |a 796tr. ; |c 24cm. | ||
| 520 | 3 | |a Sách giới thiệu những tác giả và tác phẩm viết về miền Trung của Việt Nam trong suốt thế kỷ XX. | |
| 630 | 0 | 4 | |a Văn học Việt. |
| 630 | 0 | 4 | |a Văn xuôi. |
| 630 | 0 | 4 | |a Văn miền Trung. |
| 650 | 0 | 4 | |a Văn học Việt |x Văn xuôi |y Thế kỷ XX. |
| 700 | 1 | |a Nguyễn Văn Bổng, |e tuyển chọn. | |
| 700 | 1 | |a Tô Nhuận Vỹ, |e tuyển chọn. | |
| 700 | 1 | |a Thanh Quế, |e tuyển chọn. | |
| 700 | 2 | |a . | |
| OWN | |a DUT | ||
| 999 | |a From the UDN01 | ||
| TYP | |a Monograph | ||
| TYP | |a Printed language | ||
| 980 | |a Mạng thư viện Đại học Đà Nẵng | ||